000 00822nab a2200241 u 4500
001 09338
003 HDC
007 cr bn ---aaaaa
008 210201c2010 my dr|nes 0 a eng d
040 _aHDC
100 _aKoi, Kye Lee
_eauthor
_99260
245 0 _aRemove Harmful Creams in a Month / by
_cKoi Kye Lee
260 _aKuala Lumpur :
_bThe New Straits Times Press (M) Bhd.,
_c2010
336 _atext
_2rdacontent
337 _acomputer
_2rdamedia
338 _aonline resource
_2rdacarrier
650 _aCosmetic products
_zMalaysia
_94244
650 _aharmful creams
_99665
856 _zRequest full-text at [email protected]
942 _2lcc
942 _cNEWS
942 _kNWSC 002453
999 _c6661
_d6661